| 000 | 01476cam a2200289 i 4500 | ||
|---|---|---|---|
| 003 | SA-RiAUC | ||
| 005 | 20250922050932.0 | ||
| 008 | 250918s1997 su g 00010 ara c | ||
| 040 |
_aSA-JeALM _bara _cSA-RiAUC _erda |
||
| 043 |
_af-sj--- _af-gh--- _af-ml--- _af-sg--- _afw----- |
||
| 082 | 0 | 4 |
_a966.0902 _qSA-RiAUC |
| 090 |
_a966.0902 _bم ي ق |
||
| 100 | 1 |
_aميقا، أبو بكر إسماعيل محمد، _d1355 هجري- _eمؤلف. |
|
| 245 | 1 | 2 |
_aالحركة العلمية والثقافية والإصلاحية في السودان الغربي من 400 هـ. إلى 1100 هـ. في عهد الممالك الإسلامية غانا مالي سنغاي التي قامت في غرب إفريقيا بين القرن الرابع الهجري والحادي عشر هجري / _cتأليف أبو بكر إسماعيل ميقا. |
| 250 | _aالطبعة الأولى. | ||
| 264 | 1 |
_aالرياض : _bمكتبة التوبة، _c1997. |
|
| 300 |
_a311 صفحة ؛ _c24 سم |
||
| 336 |
_aنص _btxt _2rdacontent _3كتاب |
||
| 337 |
_aبدون وسيط _bn _2rdamedia |
||
| 338 |
_aمجلد _bnc _2rdacarrier |
||
| 650 | 7 |
_aالتعليم الديني الإسلامي _zالسودان _2aucsh |
|
| 650 | 7 |
_aالثقافة الإسلامية _zالسودان _2aucsh |
|
| 650 | 7 |
_aالحضارة الإسلامية _zالسودان _2aucsh |
|
| 651 | 7 |
_aغرب إفريقيا _xتاريخ _2aucsh |
|
| 942 |
_2ddc _cBOOK _n0 |
||
| 949 |
_aSA-JeALM _d250918 _uosman123 _n1 |
||
| 999 |
_c11958 _d11958 |
||